[Event "GER-ch U10 Girls"]
[Site "Willingen"]
[Date "2022.06.08"]
[Round "7"]
[White "Margaryan, Mari"]
[Black "Daescher, Nayla"]
[Result "0-1"]
[WhiteElo "792"]
[BlackElo "908"]
[PlyCount "130"]
[EventDate "2022.06.04"]
[EventType "swiss"]
[EventRounds "11"]
[EventCountry "GER"]
[SourceTitle "CBM 208 Extra"]
[Source "ChessBase"]
[SourceDate "2022.07.31"]
[SourceVersion "1"]
[SourceVersionDate "2022.07.31"]
[SourceQuality "1"]

1. d4 d5 2. e3 e6 3. c4 Nf6 4. Nf3 Nbd7 5. Nc3 c6 6. Bd3 Qa5 7. Bd2 Qd8 8. 0-0 Be7 9. c5 0-0 10. b4 Re8 11. a3 Nf8 12. Ne5 Ng6 13. Nxg6 fxg6 14. Re1 Nh5 15. Qf3 Rf8 16. Qe2 Bh4 17. g3 Be7 18. Rab1 a6 19. a4 Bd7 20. a5 Qc7 21. Rb3 e5 22. dxe5 Qxe5 23. f4 Qe6 24. Qg2 g5 25. fxg5 Bxg5 26. Rf1 Nf6 27. e4 Bxd2 28. Qxd2 dxe4 29. Be2 Qxb3 30. Rb1 Qe6 31. Bd1 Qh3 32. Qg2 Qxg2+ 33. Kxg2 Bf5 34. Bb3+ Kh8 35. Rf1 Bd7 36. Re1 Rae8 37. Bc2 Bf5 38. Rf1 g6 39. h3 h5 40. Rf4 Re5 41. Kf2 e3+ 42. Ke2 Bxc2 43. Rf3 Kg7 44. Rxe3 Rfe8 45. Rxe5 Rxe5+ 46. Kd2 Bf5 47. h4 Ne4+ 48. Nxe4 Rxe4 49. Kc3 Re3+ 50. Kd4 Rxg3 51. Ke5 Rh3 52. Kd6 Rxh4 53. Kc7 Rxb4 54. Kb8 h4 55. Kc7 h3 56. Kd6 h2 57. Kc7 h1Q 58. Kb8 Qh8+ 59. Kc7 Qc8+ 60. Kd6 Qe6+ 61. Kc7 Rd4 62. Kb8 b5 63. Kb7 Qc8+ 64. Ka7 Qc7+ 65. Ka8 Rd8# 0-1

[Event "GER-ch U10 Girls"]
[Site "Willingen"]
[Date "2022.06.06"]
[Round "4"]
[White "Daescher, Nayla"]
[Black "Malagatte, Samiksha"]
[Result "0-1"]
[WhiteElo "908"]
[BlackElo "1056"]
[PlyCount "120"]
[EventDate "2022.06.04"]
[EventType "swiss"]
[EventRounds "11"]
[EventCountry "GER"]
[SourceTitle "CBM 208 Extra"]
[Source "ChessBase"]
[SourceDate "2022.07.31"]
[SourceVersion "1"]
[SourceVersionDate "2022.07.31"]
[SourceQuality "1"]

1. e4 e5 2. Nc3 Nf6 3. Nf3 Nc6 4. Bb5 a6 5. Ba4 Be7 6. 0-0 b5 7. Bb3 0-0 8. d3 d6 9. Be3 Na5 10. h3 Nxb3 11. axb3 h6 12. Nxb5 Bxh3 13. gxh3 axb5 14. Rxa8 Qxa8 15. Nd2 d5 16. exd5 Qxd5 17. c4 bxc4 18. bxc4 Qb7 19. Re1 Qxb2 20. Qf3 Qa3 21. Qg2 Qxd3 22. Bxh6 Qg6 23. Bg5 Bd6 24. h4 Nh5 25. Re4 f6 26. Be3 Qxg2+ 27. Kxg2 f5 28. c5 fxe4 29. cxd6 cxd6 30. Nxe4 Nf4+ 31. Bxf4 Rxf4 32. Nxd6 Rxh4 33. Nf5 Rg4+ 34. Kf1 Rg6 35. Ne7+ Kf7 36. Nxg6 Kxg6 37. Ke2 Kf5 38. Ke3 e4 39. f3 exf3 40. Kxf3 g5 41. Kg3 g4 42. Kh2 Kf4 43. Kg2 g3 44. Kh1 Kf3 45. Kg1 Kg4 46. Kg2 Kh4 47. Kh1 Kh3 48. Kg1 g2 49. Kf2 Kh2 50. Kf3 g1Q 51. Ke4 Qc5 52. Kd3 Qb4 53. Ke3 Qc4 54. Kf3 Qd4 55. Ke2 Qc3 56. Kf2 Qd3 57. Ke1 Qc2 58. Kf1 Kg3 59. Ke1 Kf3 60. Kf1 Qf2# 0-1

[Event "GER-ch U10 Girls"]
[Site "Willingen"]
[Date "2022.06.05"]
[Round "2"]
[White "Margaryan, Mane"]
[Black "Daescher, Nayla"]
[Result "1-0"]
[WhiteElo "1107"]
[BlackElo "908"]
[PlyCount "59"]
[EventDate "2022.06.04"]
[EventType "swiss"]
[EventRounds "11"]
[EventCountry "GER"]
[SourceTitle "CBM 208 Extra"]
[Source "ChessBase"]
[SourceDate "2022.07.31"]
[SourceVersion "1"]
[SourceVersionDate "2022.07.31"]
[SourceQuality "1"]

1. d4 d5 2. c4 e6 3. Nc3 Nf6 4. Bg5 Be7 5. Nf3 0-0 6. e3 Nbd7 7. Bd3 a6 8. a4 h6 9. Bh4 c5 10. 0-0 Nb6 11. cxd5 exd5 12. Bxf6 Bxf6 13. dxc5 Nd7 14. Nxd5 Nxc5 15. Re1 Qxd5 16. Bh7+ Kxh7 17. Qxd5 Ne6 18. e4 Rd8 19. Qf5+ g6 20. Qxf6 Rf8 21. Nd4 Bd7 22. Nxe6 fxe6 23. Qe7+ Kg8 24. Qxd7 Rfe8 25. Rac1 Rad8 26. Qxb7 a5 27. Rc7 Rb8 28. Rg7+ Kh8 29. Rh7+ Kg8 30. Qg7# 1-0